000 01252nam a22003497a 4500
001 190
003 FISKH
005 20230303101432.0
008 230303b cb ||||| |||| 00| 0 eng d
010 _a88038412
020 _a9780394844848
040 _aDLC
_cDLC
_dDLC
_dFISKH
_beng
042 _alcac
050 0 0 _aPZ8.G326
_bFi 1990
082 0 0 _a813.54
_219
100 1 _aGeisel, Theodor Seuss
_cDr.
245 1 4 _aThe 500 hats of Bartholomew Cubbins /
_cby Dr. Seuss.
260 _aNew York :
_bRandom House,
_c[1990]
300 _a23 leaves of plates
_bill. (some col.) ;
_c29 cm.
500 _a"A Vanguard Press book."
520 _aEach time Bartholomew Cubbins attempts to obey the King's order to take off his hat, he finds there is another one on his head.
521 8 _a630
_bLexile
521 8 _aM
_bRaz-Plus
521 8 _aAD
650 1 _aHats
_xFiction.
650 1 _aFairy tales.
740 0 _aFive hundred hats of Bartholomew Cubbins.
856 4 2 _3Contributor biographical information
_uhttp://www.loc.gov/catdir/bios/random056/88038412.html
856 4 2 _3Publisher description
_uhttp://www.loc.gov/catdir/description/random0413/88038412.html
906 _a7
_bcbc
_corignew
_d1
_eocip
_f19
_gy-gencatlg
942 _2ddc
_cBK
_n0
999 _c190
_d190